Constructing architecture (Registro nro. 324694)

Detalles MARC
000 -ENCABEZADO
Número de control [NR] 01590nam a22002897a 4500
005 - FECHA Y HORA DE LA ÚLTIMA TRANSACCIÓN
control field 20240910150039.0
008 - DE LONGITUD FIJA DE DATOS DE ELEMENTOS - INFORMACIÓN GENERAL
Elementos de longitud fija [NR] 240910b ||||| |||| 00| 0 eng d
020 ## - NUMERO INTERNACIONAL NORMALIZADO PARA LIBROS [R]
Número Internacional Normalizado del libro [NR] 978303562665 hardcover
020 ## - NUMERO INTERNACIONAL NORMALIZADO PARA LIBROS [R]
Número Internacional Normalizado del libro [NR] 303562665 hardcover
020 ## - NUMERO INTERNACIONAL NORMALIZADO PARA LIBROS [R]
Número Internacional Normalizado del libro [NR] 9783035626667 paperback
020 ## - NUMERO INTERNACIONAL NORMALIZADO PARA LIBROS [R]
Número Internacional Normalizado del libro [NR] 3035626669 paperback
040 ## - FUENTE DE CATALOGACION [NR]
Agencia de catalogación original [NR] CO-BoUCM
Quien Cataloga David Moreno
Quien Clasifica David Moreno
041 ## - CODIGO DE IDIOMA [R]
Código de idioma para texto/pista de sonido o título separado [R] Inglés
245 10 - MENCION DE TITULO [NR]
Título [NR] Constructing architecture
Parte restante del título [NR] materials, processes, structures : a handbook
Mención de responsabilidad, etc. [NR] Andrea Deplaze
246 ## - FORMA VARIANTE DEL TITULO [R]
Título propiamente dicho/forma breve del título [NR] Archetypes of construction
Parte restante del título [NR] solid construction, hybrid construction, filigree construction
250 ## - MENCION DE EDICION [NR]
Mención de edición [NR] 5a. Ed
260 ## - PUBLICACION, DISTRIBUCION, ETC. (PIE DE IMPRENTA) [R]
Lugar de publicación, distribución, etc. [R] Basel
Nombre del editor, distribuidor, etc. [R] Birkhäuser
Fecha de publicación, distribución, etc. [R] 2022
300 ## - DESCRIPCION FISICA [R]
Extensión [R] 607 Paginas
Otros detalles físicos [NR] ilustraciones + 1 póster (ilustraciones, mapa, planos; 117 x 79 cm plegado a 23 x 30 cm)
505 ## - NOTA DE CONTENIDO CON FORMATO PREESTABLECIDO [R]
Mención de responsabilidad [R] Materials/modules. Modules -- Masonry -- Concrete -- Timber -- Steel -- Insulation -- Glass or plastic -- Elements. Foundation/plinth -- Facade -- Opening -- Floor -- Roof -- Stairs, lifts -- Structures. Forms of construction -- Building performance, energy -- Buildings. Selected projects -- Components. Drawings -- Foundation/plinth -- Wall/floor -- Opening -- Floor -- Roof/parapet -- Extension. Views on climate.
700 1# - ASIENTO SECUNDARIO - NOMBRE PERSONAL [R]
Nombre personal [NR] Deplazes, Andrea
Término de relación [R] editor
9 (RLIN) 103497
700 1# - ASIENTO SECUNDARIO - NOMBRE PERSONAL [R]
Nombre personal [NR] Söffker, Gerd H.
Término de relación [R] traductor
9 (RLIN) 182615
700 1# - ASIENTO SECUNDARIO - NOMBRE PERSONAL [R]
Nombre personal [NR] Thrift, Philip
Término de relación [R] traductor
9 (RLIN) 182616
700 1# - ASIENTO SECUNDARIO - NOMBRE PERSONAL [R]
Nombre personal [NR] Overney, Jan
Término de relación [R] traductor
9 (RLIN) 182617
710 ## - ASIENTO SECUNDARIO - NOMBRE CORPORATIVO [R]
Nombre corporativo o de jurisdicción como elemento de entrada [NR] Eidgenössische Technische Hochschule Zürich
Unidad subordinada [R] Departement Architektur
9 (RLIN) 182618
942 ## - ELEMENTOS DE ENTRADA AGREGADOS (KOHA)
Sistema de clasificación DEWEY
Tema principal Arte
Tipo de ítem principal el descrito en 300a Libro
Edición 5
Clasificación 720
Parte restante de la signatura top. D421c
Título oculto en OPAC No
Existencias
Total préstamos Signatura topográfica Código de barras Última vez visto Ejemplar Price effective from Tipo de ítem Perdido Sistema de clasificación Dañado No prestable Tipo de ítem específico Suprimido Ubicación habitual Ubicación actual Localización Fecha de creación Forma de adquisición Costo
  720 D421c 100173077 06/12/2025 Ej.1 10/09/2024 Libro   DEWEY     Libro   Claustro Claustro 2do piso 10/09/2024 Compra 294800.00